[Event "Nord West Cup 15th"]
[Site "Bad Zwischenahn"]
[Date "2013.01.27"]
[Round "7"]
[White "Van Linde, Paul"]
[Black "Solodovnichenko, Yuri"]
[Result "0-1"]
[WhiteElo "2165"]
[BlackElo "2567"]
[PlyCount "72"]
[EventDate "2013.01.24"]
[EventType "swiss"]
[EventRounds "7"]
[EventCountry "GER"]
[SourceTitle "CBM 152 Extra"]
[Source "ChessBase"]
[SourceDate "2013.02.25"]
[SourceVersion "1"]
[SourceVersionDate "2013.02.25"]
[SourceQuality "1"]

1. e4 c5 2. c3 d6 3. d4 Nf6 4. Bd3 g6 5. h3 Bg7 6. Nf3 0-0 7. 0-0 Nfd7 8. d5 Na6 9. Re1 Nc7 10. a4 e5 11. Qc2 Nf6 12. Bg5 h6 13. Bxf6 Bxf6 14. b4 cxb4 15. cxb4 Nxd5 16. Qd2 Nf4 17. Bf1 d5 18. exd5 Nxd5 19. Ra3 Bf5 20. Nxe5 Bxb1 21. Rxb1 Bxe5 22. Rd3 Nc3 23. Rxd8 Raxd8 24. Qb2 Nxb1 25. Qxb1 Rd4 26. Qb3 Rfd8 27. g3 Kg7 28. a5 Bf6 29. b5 Rd2 30. Qe3 Rxf2 31. Qxa7 Ra2 32. Qxb7 Rd1 33. Qf3 Bd4+ 34. Kh1 Rdd2 35. Bg2 Rxa5 36. b6 Ra1+ 0-1

[Event "Oberliga Nord W 0304"]
[Site "Germany"]
[Date "2003.10.12"]
[Round "1.3"]
[White "Van Linde, Paul"]
[Black "Wittje, Berthold"]
[Result "1/2-1/2"]
[WhiteElo "2160"]
[BlackElo "2269"]
[PlyCount "45"]
[EventDate "2003.10.12"]
[EventType "team-tourn"]
[EventRounds "9"]
[EventCountry "GER"]
[SourceTitle "EXT 2005"]
[Source "ChessBase"]
[SourceDate "2004.11.15"]
[SourceVersion "1"]
[SourceVersionDate "2004.11.15"]
[SourceQuality "1"]
[WhiteTeam "Jever"]
[BlackTeam "Oldenburg Union"]
[WhiteTeamCountry "GER"]
[BlackTeamCountry "GER"]

1. e4 e5 2. Nf3 Nc6 3. d4 exd4 4. Nxd4 Bc5 5. Nxc6 Qf6 6. Qd2 bxc6 7. Bd3 Ne7 8. 0-0 Ng6 9. Nc3 Rb8 10. Kh1 Ne5 11. Be2 d6 12. Na4 Bb4 13. c3 Ba5 14. b4 Bb6 15. Nxb6 axb6 16. f4 Ng4 17. Bxg4 Bxg4 18. Bb2 Qe7 19. c4 0-0 20. h3 Bd7 21. e5 dxe5 22. Bxe5 Bf5 23. Rfe1 1/2-1/2

[Event "Heart of Finland op 12th"]
[Site "Jyvaskyla"]
[Date "2002.??.??"]
[Round "7"]
[White "Van Linde, Paul"]
[Black "Nouro, Mikael"]
[Result "1/2-1/2"]
[WhiteElo "2156"]
[BlackElo "2350"]
[PlyCount "82"]
[EventDate "2002.09.??"]
[EventType "swiss"]
[EventRounds "9"]
[EventCountry "FIN"]
[SourceTitle "EXT 2004"]
[Source "ChessBase"]
[SourceDate "2003.11.25"]
[SourceVersion "1"]
[SourceVersionDate "2003.11.25"]
[SourceQuality "1"]

1. e4 g6 2. Nc3 Bg7 3. f4 c6 4. Bc4 d5 5. Bb3 dxe4 6. Nxe4 Nf6 7. Nxf6+ Bxf6 8. Nf3 0-0 9. 0-0 c5 10. d3 Nc6 11. c3 Bf5 12. Bc2 Qd5 13. Qe2 Rad8 14. Rd1 Rfe8 15. Be3 b5 16. d4 cxd4 17. Nxd4 Nxd4 18. Bxd4 Bxd4+ 19. Rxd4 Qc5 20. Bxf5 Rxd4 21. cxd4 Qxf5 22. Qe5 Rc8 23. Qxf5 gxf5 24. Re1 e6 25. Re2 Rc1+ 26. Kf2 Rd1 27. Ke3 Kf8 28. Rd2 Re1+ 29. Kf3 Ke7 30. d5 Ra1 31. a3 a5 32. dxe6 fxe6 33. g3 Rc1 34. Ke3 Rc4 35. Kf3 b4 36. axb4 Rxb4 37. Ke3 e5 38. fxe5 Ke6 39. Kd3 Kxe5 40. Re2+ Kd5 41. Rf2 Ke5 1/2-1/2

[Event "Heart of Finland op 12th"]
[Site "Jyvaskyla"]
[Date "2002.??.??"]
[Round "4"]
[White "Van Linde, Paul"]
[Black "Vorotnikov, Vladislav V"]
[Result "0-1"]
[WhiteElo "2156"]
[BlackElo "2454"]
[PlyCount "73"]
[EventDate "2002.09.??"]
[EventType "swiss"]
[EventRounds "9"]
[EventCountry "FIN"]
[SourceTitle "EXT 2004"]
[Source "ChessBase"]
[SourceDate "2003.11.25"]
[SourceVersion "1"]
[SourceVersionDate "2003.11.25"]
[SourceQuality "1"]

1. e4 e5 2. Nf3 d6 3. d4 exd4 4. Qxd4 Nc6 5. Bb5 Nge7 6. Bg5 h6 7. Bh4 Qd7 8. Bxc6 Nxc6 9. Qd2 g5 10. Bg3 Bg7 11. Nc3 0-0 12. 0-0-0 f5 13. exf5 Qxf5 14. Qd5+ Be6 15. Qxf5 Rxf5 16. Rhe1 Bf7 17. Ne2 Re8 18. h4 Rc5 19. hxg5 hxg5 20. a3 Bg6 21. c3 g4 22. Nf4 Rxe1 23. Rxe1 Bh6 24. Nd2 Bf5 25. Ne6 Rd5 26. Nf4 Re5 27. Rxe5 Nxe5 28. Nd5 Nd3+ 29. Kd1 Nxb2+ 30. Ke1 Kf7 31. Nxc7 Bg7 32. Bxd6 Bxc3 33. Nb5 Bxd2+ 34. Kxd2 a6 35. Kc3 Na4+ 36. Kb4 axb5 37. Kxb5 0-1

[Event "Groningen SO ON op A"]
[Site "Groningen"]
[Date "2001.??.??"]
[Round "3.5"]
[White "Pel, Bonno"]
[Black "Van Linde, Paul"]
[Result "1-0"]
[WhiteElo "2198"]
[BlackElo "2181"]
[PlyCount "71"]
[EventDate "2001.12.22"]
[EventType "swiss"]
[EventRounds "9"]
[EventCountry "NED"]
[SourceTitle "EXT 2003"]
[Source "ChessBase"]
[SourceDate "2002.11.25"]
[SourceVersion "1"]
[SourceVersionDate "2002.11.25"]
[SourceQuality "1"]

1. Nc3 c5 2. Nf3 Nf6 3. e4 Nc6 4. g3 e5 5. Bg2 g6 6. 0-0 Bg7 7. d3 d6 8. h3 0-0 9. Be3 Nd4 10. Kh2 Nxf3+ 11. Bxf3 Be6 12. Qd2 Qd7 13. Bg2 b6 14. f4 exf4 15. Bxf4 Nh5 16. Bh6 Rae8 17. Bxg7 Nxg7 18. d4 Qc7 19. Rad1 cxd4 20. Qxd4 Rd8 21. Nb5 Qc5 22. Nxa7 Ra8 23. Qxc5 dxc5 24. Nc6 Rxa2 25. Rb1 Re8 26. Rfd1 Kf8 27. g4 Rc8 28. e5 h5 29. Kg3 Ke8 30. Rd2 Bd7 31. Rd6 Ne6 32. Rbd1 Bxc6 33. Bxc6+ Ke7 34. Rd7+ Kf8 35. Bd5 Re8 36. Bxa2 1-0

[Event "Vantaa op3"]
[Site "Vantaa"]
[Date "1999.??.??"]
[Round "7"]
[White "Van Linde, Paul"]
[Black "Haapasalo, Jukka Pekka"]
[Result "1-0"]
[WhiteElo "2185"]
[BlackElo "2249"]
[PlyCount "61"]
[EventDate "1999.??.??"]
[EventType "swiss"]
[EventRounds "7"]
[EventCountry "FIN"]
[SourceTitle "EXT 2000"]
[Source "ChessBase"]
[SourceDate "1999.11.16"]
[SourceVersion "1"]
[SourceVersionDate "1999.11.16"]
[SourceQuality "1"]

1. e4 c5 2. c3 Nf6 3. e5 Nd5 4. Nf3 e6 5. d4 cxd4 6. cxd4 b6 7. Nc3 Nxc3 8. bxc3 Qc7 9. Bd2 Bb7 10. Bd3 d6 11. 0-0 Nd7 12. Ng5 dxe5 13. Qh5 g6 14. Qh3 Be7 15. Rae1 h6 16. f4 Bxg5 17. fxg5 h5 18. dxe5 Nc5 19. Bb5+ Kf8 20. Rf4 Rd8 21. Rd4 Ne4 22. Be3 Kg7 23. Rxd8 Rxd8 24. Bd4 Qe7 25. Qh4 Nxc3 26. Bxc3 Qc5+ 27. Qf2 Qxc3 28. Qf6+ Kh7 29. Qxf7+ Kh8 30. Qf6+ Kh7 31. Qe7+ 1-0

[Event "Koop Tjuchem op"]
[Site "Groningen"]
[Date "1996.??.??"]
[Round "1"]
[White "Van Linde, Paul"]
[Black "Stefanova, Antoaneta"]
[Result "0-1"]
[WhiteElo "2140"]
[BlackElo "2365"]
[PlyCount "84"]
[EventDate "1996.12.20"]
[EventType "swiss"]
[EventRounds "11"]
[EventCountry "NED"]
[SourceTitle "EXT 1998"]
[Source "ChessBase"]
[SourceDate "1997.11.17"]
[SourceVersion "1"]
[SourceVersionDate "1997.11.17"]
[SourceQuality "1"]

1. e4 d5 2. Nc3 d4 3. Nce2 e5 4. Ng3 g6 5. Bc4 Bg7 6. d3 Qe7 7. Nf3 Be6 8. Bxe6 Qxe6 9. 0-0 Ne7 10. Nd2 0-0 11. f4 exf4 12. Rxf4 Nd7 13. Rh4 g5 14. Rh3 g4 15. Rh4 f5 16. exf5 Nxf5 17. Nxf5 Qxf5 18. Ne4 Rae8 19. Bg5 Rxe4 20. dxe4 Qxg5 21. Qxg4 Qxg4 22. Rxg4 Ne5 23. Rg5 h6 24. Rf5 Rxf5 25. exf5 Nc4 26. Rd1 b6 27. b3 Ne3 28. Rd2 Nxf5 29. Kf2 c5 30. a4 c4 31. bxc4 Nd6 32. Kf3 Nxc4 33. Re2 Kf7 34. Ke4 Nb2 35. Kd5 Nxa4 36. Kc6 a5 37. Rf2+ Ke6 38. Kb5 Nc3+ 39. Kxb6 a4 40. Rf1 a3 41. Kc5 a2 42. Ra1 d3 0-1